MANUAL OF OBSTETRICS (Record no. 800294)

MARC details
000 -LEADER
fixed length control field 00366pam a2200157 a 4500
020 ## - INTERNATIONAL STANDARD BOOK NUMBER
International Standard Book Number 97881312
Terms of availability
041 ## - LANGUAGE CODE
Language code of original
082 ## - DEWEY DECIMAL CLASSIFICATION NUMBER
Classification number 618.2
Item number 10915
100 ## - MAIN ENTRY--PERSONAL NAME
Personal name DAFTARY S.N. .
245 ## - TITLE STATEMENT
Title MANUAL OF OBSTETRICS
Medium Textual Documents
250 ## - EDITION STATEMENT
Edition statement 3 + ONLINE.
260 ## - PUBLICATION, DISTRIBUTION, ETC.
Place of publication, distribution, etc. [s.l]:
Name of publisher, distributor, etc. ELSEVIER,
Date of publication, distribution, etc. 2012.
300 ## - PHYSICAL DESCRIPTION
Extent 621;:
Other physical details XV;
Dimensions PB.
650 ## - SUBJECT ADDED ENTRY--TOPICAL TERM
Topical term or geographic name entry element OBST.GYNE
930 ## - EQUIVALENCE OR CROSS-REFERENCE-UNIFORM TITLE HEADING [LOCAL, CANADA]
Uniform title 5767
Holdings
Withdrawn status Lost status Damaged status Not for loan Collection Home library Current library Date acquired Source of acquisition Cost, normal purchase price Total Checkouts Full call number Barcode Date last seen Copy number Price effective from Koha item type
          Medical College & Hospital, Sangli Medical College & Hospital, Sangli 02/04/2014 B.M.S.G.B.PUNE 596.00   618.2 10915 MCS-10915 26/07/2023 1 26/07/2023 Book